[Event "Regensburg Donau Cup 2nd"]
[Site "Regensburg"]
[Date "2018.05.13"]
[Round "7"]
[White "Kutschera, Reinhardt"]
[Black "Vinogradov, Anatoli"]
[Result "1-0"]
[WhiteElo "1426"]
[BlackElo "1570"]
[PlyCount "83"]
[EventDate "2018.05.09"]
[EventType "swiss"]
[EventRounds "7"]
[EventCountry "GER"]
[SourceTitle "CBM 184 Extra"]
[Source "ChessBase"]
[SourceDate "2018.06.28"]
[SourceVersion "1"]
[SourceVersionDate "2018.06.28"]
[SourceQuality "1"]

1. c4 e5 2. d3 Nc6 3. g3 g6 4. Bg2 Bg7 5. Nc3 Nge7 6. Nf3 d6 7. 0-0 0-0 8. Ne4 Be6 9. Nfg5 Qd7 10. Nxe6 Qxe6 11. Ng5 Qd7 12. Qb3 Nd4 13. Qxb7 Nxe2+ 14. Kh1 Nxc1 15. Raxc1 Rab8 16. Qxa7 Rxb2 17. c5 d5 18. Rb1 Rfb8 19. Rxb2 Rxb2 20. Qa8+ Bf8 21. a4 c6 22. Nxh7 Qc8 23. Nf6+ Kg7 24. Qxc8 Nxc8 25. Nd7 f6 26. Bh3 Na7 27. f4 e4 28. dxe4 dxe4 29. f5 g5 30. Re1 Rb7 31. Nxf8 Kxf8 32. Rxe4 Rb1+ 33. Kg2 Rb2+ 34. Kg1 Rc2 35. Re6 Kf7 36. Bg2 Rxc5 37. g4 Rc1+ 38. Kf2 Rc2+ 39. Kg3 Rc3+ 40. Bf3 Ra3 41. Re4 Nc8 42. Rc4 1-0

[Event "Regensburg Donau Cup 2nd"]
[Site "Regensburg"]
[Date "2018.05.10"]
[Round "2"]
[White "Kutschera, Reinhardt"]
[Black "Spreer, Lutz"]
[Result "0-1"]
[WhiteElo "1426"]
[BlackElo "1627"]
[PlyCount "80"]
[EventDate "2018.05.09"]
[EventType "swiss"]
[EventRounds "7"]
[EventCountry "GER"]
[SourceTitle "CBM 184 Extra"]
[Source "ChessBase"]
[SourceDate "2018.06.28"]
[SourceVersion "1"]
[SourceVersionDate "2018.06.28"]
[SourceQuality "1"]

1. c4 b6 2. d4 e6 3. Nf3 Bb7 4. Qd3 Nf6 5. Bg5 Be7 6. g3 0-0 7. Bg2 d6 8. 0-0 Nbd7 9. Nbd2 c5 10. dxc5 Nxc5 11. Qd4 h6 12. b4 e5 13. Nxe5 Bxg2 14. Nxf7 Rxf7 15. Kxg2 Ne6 16. Qe3 Nxg5 17. h4 Ngh7 18. Rad1 Ng4 19. Qe6 Nhf6 20. c5 bxc5 21. bxc5 Qd7 22. Qc4 Qc6+ 23. Nf3 Ne5 24. Qd4 Nxf3 25. exf3 dxc5 26. Qc4 Rb8 27. Rfe1 Rb4 28. Qd3 Rd4 29. Qb3 Nd5 30. Rb1 Rb4 31. Qd3 c4 32. Qc2 Bc5 33. Rbd1 c3 34. Re5 Rb2 35. Qe4 Ne3+ 36. Kh3 Qxe4 37. Rd8+ Kh7 38. Rxe4 Rxf2 39. h5 R2xf3 40. Ree8 Rf8 0-1

[Event "Oberpfalz-ch M3"]
[Site "Bad Koetzting"]
[Date "2018.03.24"]
[Round "2"]
[White "Lindner, Robin"]
[Black "Kutschera, Reinhardt"]
[Result "1-0"]
[WhiteElo "1178"]
[BlackElo "1420"]
[PlyCount "71"]
[EventDate "2018.03.24"]
[EventType "swiss"]
[EventRounds "8"]
[EventCountry "GER"]
[SourceTitle "EXT 2020"]
[Source "ChessBase"]
[SourceDate "2019.10.17"]
[SourceVersion "1"]
[SourceVersionDate "2019.10.17"]
[SourceQuality "1"]

1. e4 d6 2. Nc3 Nf6 3. Nf3 g6 4. Bc4 Bg4 5. d3 Bg7 6. Bg5 Nbd7 7. 0-0 Ne5 8. Re1 Bxf3 9. gxf3 Qd7 10. Kg2 Nxc4 11. dxc4 Qc6 12. Bxf6 Bxf6 13. Qd3 e6 14. Rab1 Qc5 15. Ne2 h5 16. f4 0-0-0 17. b4 Qc6 18. Nd4 Qb6 19. Red1 Qxd4 20. Qxd4 Bxd4 21. Rxd4 c5 22. bxc5 dxc5 23. Rd3 b6 24. Rbd1 Kc7 25. Kg3 f6 26. e5 g5 27. exf6 gxf4+ 28. Kxf4 Rdf8 29. Ke5 Rhg8 30. Rd7+ Kb8 31. Rg7 Kc8 32. Rdd7 a6 33. Rxg8 Rxg8 34. Rg7 Rf8 35. f7 Kd7 36. Kf6 1-0

[Event "Nittenau-ch 13th"]
[Site "Nittenau"]
[Date "2013.09.14"]
[Round "2"]
[White "Kutschera, Reinhardt"]
[Black "Bruell, Martin"]
[Result "0-1"]
[WhiteElo "1399"]
[BlackElo "1818"]
[PlyCount "40"]
[EventDate "2013.09.13"]
[EventType "swiss"]
[EventRounds "5"]
[EventCountry "GER"]
[SourceTitle "EXT 2022"]
[Source "ChessBase"]
[SourceDate "2021.10.06"]
[SourceVersion "1"]
[SourceVersionDate "2021.10.06"]
[SourceQuality "1"]

1. c4 e5 2. d3 Nc6 3. a3 a5 4. Nc3 Bc5 5. Nf3 Nge7 6. g3 0-0 7. Ne4 Ba7 8. Bg2 f5 9. Nc3 d6 10. Bg5 h6 11. Bxe7 Nxe7 12. 0-0 f4 13. b4 Nf5 14. Nd2 fxg3 15. hxg3 Nxg3 16. e3 Nxf1 17. Kxf1 Bxe3 18. Bd5+ Kh8 19. Ke2 Bxf2 20. Nce4 Bg4+ 0-1

[Event "Oberpfalz-ch M3"]
[Site "Roding"]
[Date "2010.03.28"]
[Round "4"]
[White "Kutschera, Reinhardt"]
[Black "Fischer, Manfred1111"]
[Result "1-0"]
[WhiteElo "1412"]
[BlackElo "1426"]
[PlyCount "122"]
[EventDate "2010.03.27"]
[EventType "swiss"]
[EventRounds "8"]
[EventCountry "GER"]
[SourceTitle "EXT 2012"]
[Source "ChessBase"]
[SourceDate "2011.11.24"]
[SourceVersion "1"]
[SourceVersionDate "2011.11.24"]
[SourceQuality "1"]

1. c4 c6 2. d4 Nf6 3. Nc3 e6 4. Nf3 Be7 5. g3 d5 6. cxd5 exd5 7. Bg2 0-0 8. 0-0 h6 9. a3 Bf5 10. Nh4 Bh7 11. Bh3 Ne4 12. Nf5 Ng5 13. Nxe7+ Qxe7 14. Bg2 Nd7 15. b4 Nf6 16. Bf4 Nfe4 17. Nxe4 Bxe4 18. Bxe4 Nh3+ 19. Kh1 Nxf4 20. Bf3 Ne6 21. e3 Ng5 22. Bg2 Rac8 23. h4 Ne4 24. Qc2 Rfe8 25. Rfc1 Qf6 26. Kg1 Nd6 27. Qa2 Qe7 28. Rc3 g6 29. Rac1 a6 30. a4 Qd7 31. Bf1 b5 32. axb5 axb5 33. Qa6 Nc4 34. Bxc4 dxc4 35. Qa2 Qb7 36. Ra3 Ra8 37. Ra1 Rxa3 38. Qxa3 Rb8 39. Kf1 Qd7 40. Qa7 Qxa7 41. Rxa7 Rb6 42. Ke2 Kg7 43. g4 Kf6 44. f4 Kg7 45. e4 Kf6 46. e5+ Ke6 47. Ke3 f5 48. gxf5+ Kxf5 49. Kf3 g5 50. Rf7+ Kg6 51. Rf6+ Kh5 52. hxg5 hxg5 53. f5 g4+ 54. Kf4 c3 55. Ke3 Kg5 56. Kd3 g3 57. Rf8 Ra6 58. e6 Ra7 59. f6 c2 60. Kxc2 g2 61. Rg8+ Kxf6 1-0

[Event "Oberpfalz-ch M3"]
[Site "Kareth Lappersdorf"]
[Date "2008.03.15"]
[Round "2"]
[White "Schindler, Thomas"]
[Black "Kutschera, Reinhardt"]
[Result "0-1"]
[WhiteElo "1219"]
[BlackElo "1392"]
[PlyCount "54"]
[EventDate "2008.03.15"]
[EventType "swiss"]
[EventRounds "8"]
[EventCountry "GER"]
[SourceTitle "EXT 2022"]
[Source "ChessBase"]
[SourceDate "2021.10.06"]
[SourceVersion "1"]
[SourceVersionDate "2021.10.06"]
[SourceQuality "1"]

1. e4 e6 2. d4 d6 3. Nf3 Nf6 4. Nc3 Be7 5. Bf4 Nbd7 6. Bd3 0-0 7. 0-0 Nh5 8. Qd2 Nxf4 9. Qxf4 Re8 10. e5 d5 11. Rfe1 Nf8 12. Re3 Ng6 13. Qg3 c5 14. Ne2 c4 15. Bxg6 fxg6 16. h4 Rf8 17. Nf4 Rf5 18. Qh3 Qf8 19. Ne2 Bd7 20. b3 b5 21. Nc3 a6 22. a4 Bb4 23. axb5 axb5 24. Rxa8 Qxa8 25. g4 Rf7 26. g5 Bxc3 27. Rxc3 Qa1+ 0-1

[Event "Nittenau-ch 5th"]
[Site "Nittenau"]
[Date "2005.09.03"]
[Round "5"]
[White "Klein, Reinhard"]
[Black "Kutschera, Reinhardt"]
[Result "1/2-1/2"]
[WhiteElo "1736"]
[BlackElo "1472"]
[PlyCount "106"]
[EventDate "2005.09.01"]
[EventType "swiss"]
[EventRounds "7"]
[EventCountry "GER"]
[SourceTitle "EXT 2008"]
[Source "ChessBase"]
[SourceDate "2007.11.25"]
[SourceVersion "1"]
[SourceVersionDate "2007.11.25"]
[SourceQuality "1"]

1. d4 d6 2. c4 Nf6 3. Nc3 g6 4. e4 Bg7 5. Be2 0-0 6. g4 Qd7 7. g5 Ne8 8. h4 f5 9. exf5 Qxf5 10. Be3 Nc6 11. Bd3 Qg4 12. Qxg4 Bxg4 13. Nge2 Nb4 14. Be4 Bf5 15. Kd2 Bxe4 16. Nxe4 c6 17. a3 Na6 18. Nf4 Nec7 19. h5 gxh5 20. Rxh5 e5 21. Ne2 Ne6 22. d5 cxd5 23. cxd5 Nec5 24. Nxc5 Nxc5 25. Rah1 Ne4+ 26. Ke1 Rf5 27. R1h4 Nc5 28. Bxc5 dxc5 29. Ng3 Rf4 30. Rxh7 Rxh4 31. Rxh4 Rd8 32. Nf5 Kf7 33. Rh7 Kg6 34. Rxg7+ Kxf5 35. Rxb7 Kxg5 36. Rxa7 Rb8 37. d6 Kf6 38. Ra5 c4 39. Rd5 Ke6 40. Rd2 Kd7 41. Kd1 Rb3 42. Kc1 c3 43. bxc3 Rxc3+ 44. Kb2 Rf3 45. a4 e4 46. a5 e3 47. fxe3 Rxe3 48. Rd5 Re8 49. Kb3 Rb8+ 50. Kc4 Ra8 51. Kd4 Ra6 52. Kc5 Rxa5+ 53. Kc4 Ra6 1/2-1/2

[Event "Nittenau-ch 5th"]
[Site "Nittenau"]
[Date "2005.09.02"]
[Round "2"]
[White "Kutschera, Reinhardt"]
[Black "Beer, Franz"]
[Result "0-1"]
[WhiteElo "1472"]
[BlackElo "1640"]
[PlyCount "106"]
[EventDate "2005.09.01"]
[EventType "swiss"]
[EventRounds "7"]
[EventCountry "GER"]
[SourceTitle "EXT 2008"]
[Source "ChessBase"]
[SourceDate "2007.11.25"]
[SourceVersion "1"]
[SourceVersionDate "2007.11.25"]
[SourceQuality "1"]

1. e4 c6 2. Nf3 d5 3. e5 Bg4 4. d4 e6 5. Be2 Nd7 6. 0-0 c5 7. c3 Ne7 8. h3 Bxf3 9. Bxf3 Nc6 10. Be3 Be7 11. a3 a5 12. Nd2 cxd4 13. cxd4 0-0 14. Be2 Qb6 15. Qb3 Nxd4 16. Bxd4 Qxd4 17. Nf3 Qb6 18. Qxb6 Nxb6 19. Rac1 Rac8 20. Nd4 Nd7 21. Rxc8 Rxc8 22. f4 Bc5 23. Rd1 Bxd4+ 24. Rxd4 Rc2 25. Bb5 Nb6 26. b4 axb4 27. Rxb4 Rc7 28. Ba6 Rc1+ 29. Kh2 bxa6 30. Rxb6 h5 31. Rxa6 h4 32. g3 Rc2+ 33. Kg1 hxg3 34. Ra4 Ra2 35. h4 Kh7 36. Ra8 d4 37. Rd8 Rxa3 38. Rxd4 Ra2 39. Rd7 Kg6 40. h5+ Kxh5 41. Rxf7 Kg4 42. f5 exf5 43. e6 Re2 44. e7 g6 45. Kf1 Re3 46. Rg7 g5 47. Rf7 f4 48. Kg2 Re2+ 49. Kf1 Kf3 50. Rh7 g2+ 51. Kg1 Re1+ 52. Kh2 g1Q+ 53. Kh3 Qg2# 0-1

[Event "Oberpfalz-ch M3"]
[Site "Regensburg"]
[Date "2004.04.04"]
[Round "4.22"]
[White "Kutschera, Reinhardt"]
[Black "Pernpeintner, Simon"]
[Result "1-0"]
[WhiteElo "1352"]
[BlackElo "852"]
[PlyCount "54"]
[EventDate "2004.04.03"]
[EventType "swiss"]
[EventRounds "8"]
[EventCountry "GER"]
[SourceTitle "EXT 2022"]
[Source "ChessBase"]
[SourceDate "2021.10.06"]
[SourceVersion "1"]
[SourceVersionDate "2021.10.06"]
[SourceQuality "1"]

1. e4 e5 2. Nf3 Nc6 3. Nc3 Nf6 4. d3 Bb4 5. Bd2 0-0 6. Be2 d5 7. exd5 Nxd5 8. Nxd5 Bxd2+ 9. Qxd2 Qxd5 10. 0-0 Bg4 11. Qc3 Rfe8 12. Rfe1 Bf5 13. Ng5 h6 14. Bf3 Qd6 15. Bxc6 Qxc6 16. Ne4 Qd5 17. Qb3 Qxb3 18. axb3 Rad8 19. Rxa7 Rd7 20. h3 h5 21. f3 h4 22. Ra3 Re6 23. Nc5 Rde7 24. Nxe6 Rxe6 25. b4 Bh7 26. f4 exf4 27. Rxe6 fxe6 1-0